[Event "South America-ch"]
[Site "Lima"]
[Date "2023.09.22"]
[Round "9"]
[White "Astoyauri De la Cruz, Fernando Isaac"]
[Black "Guevara Hilario, Jose Antonio"]
[Result "1-0"]
[WhiteElo "1428"]
[BlackElo "1861"]
[PlyCount "71"]
[EventDate "2023.09.14"]
[EventType "swiss"]
[EventRounds "9"]
[EventCountry "PER"]
[SourceTitle "CBM 216 Extra"]
[Source "ChessBase"]
[SourceDate "2023.11.30"]
[SourceVersion "1"]
[SourceVersionDate "2023.11.30"]
[SourceQuality "1"]

1. e4 e5 2. Nf3 Nc6 3. Bc4 Nf6 4. d3 a5 5. a4 Bc5 6. Bg5 d6 7. Nbd2 h6 8. Bh4 Be6 9. c3 Bxc4 10. Nxc4 Qe7 11. Qb3 Ra7 12. 0-0-0 g5 13. Bg3 Nh5 14. d4 Nxg3 15. hxg3 exd4 16. cxd4 Bb4 17. e5 dxe5 18. Nfxe5 Nxe5 19. dxe5 Ra6 20. f4 Rc6 21. Rd5 Qe6 22. Qd3 0-0 23. f5 Rxc4+ 24. Qxc4 Qxf5 25. Rf1 Qc8 26. Rf6 c6 27. Rd1 b5 28. Qe4 Rd8 29. Rh1 Qd7 30. e6 Qd2+ 31. Kb1 Qd3+ 32. Qxd3 Rxd3 33. exf7+ Kg7 34. Rhxh6 Bf8 35. Rhg6+ Kh7 36. Rg8 1-0